Ils portent un nom d'animal - Statistiques

Statistiques générales
  • Ce quiz a été pris 57 fois
  • Le résultat moyen est 9 sur 15
Statistiques - réponses
Hint Réponse % Correct
De son vrai nom Chauvier, né en 1943, il a notamment chanté "Je suis malade". Serge Lama
96%
Ayant pour prénom Pierre, il a écrit, entre autres, "Le Cid" et "L'Illusion comique". Corneille
88%
Cette actrice, icône de la ville de Saint-Tropez, décédée le 28 décembre 2025, porte le nom d'un animal issu du croisement d'une ânesse et d'un étalon. Brigitte Bardot
85%
Membre des Inconnus aux côtés de Bernard Campan et Pascal Légitimus. Didier Bourdon
77%
Il était le Monsieur Chiffres dans l'émission "Des Chiffres et des Lettres". Bertrand Renard
71%
Famille de compositeurs, le père s'appelait Maurice, le fils s'appelle Jean-Michel. Leur nom fait penser phonétiquement à un animal. Jarre
71%
Inventeur d'un alphabet qui porte son nom, son patronyme fait référence à un mammifère marin. Samuel Morse
69%
Cet auteur est surtout connu pour son roman "Poil de Carotte". Jules Renard
54%
Miss France 2015, elle a remplacé Laurence Boccolini à l'animation du jeu "Mot de passe" en décembre 2025. Camille Cerf
52%
Imitateur, il a fait beaucoup de voix dans "Les Guignols", dont celle de PPD, l'animateur. Yves Lecoq
50%
Championne de natation synchronisée, elle porte le nom d'un mustélidé dont le pelage devient blanc en hiver, s'il fait en dessous de -1°C. Muriel Hermine
44%
Comédien qui a tenu le rôle de Jacques Beaumont dans la série "Une famille formidable". Bernard Le Coq
33%
Vrai nom de la marquise de Pompadour. Jeanne Poisson
25%
Actrice, réalisatrice et romancière, elle a incarné Roxane dans le film "Cyrano de Bergerac" en 1990. Ex-compagne de Gad Elmaleh, elle a eu un fils, Noé, avec lui. Elle porte le nom d'un poisson. Anne Brochet
19%
Représentant majeur du classicisme pictural, il a peint "L'Enlèvement des Sabines". Nicolas Poussin
19%
Aucun quiz correspondant
Distribution des résultats
% des personnes avec chaque résultat
Percentile par nombre de réponses
Votre historique - résultats
Vous n’avez pas pris ce quiz